[Event "Harburg-chC 14th"]
[White "Quitzau, Lukas"]
[Black "Eschweiler, Markus"]
[Site "Hamburg"]
[Round "2.1"]
[Result "1-0"]
[Date "2019.07.27"]
[WhiteElo "1714"]
[BlackElo "1648"]
[PlyCount "88"]
[EventDate "2019.07.26"]
[EventType "tourn"]
[EventRounds "5"]
[EventCountry "GER"]
[SourceTitle "EXT 2020"]
[Source "ChessBase"]
[SourceDate "2019.10.17"]
[SourceVersion "1"]
[SourceVersionDate "2019.10.17"]
[SourceQuality "1"]

1. d4 Nf6 2. c4 e6 3. Nc3 c5 4. d5 exd5 5. cxd5 d6 6. Nf3 a6 7. a4 Bf5 8. Nd2 Nbd7 9. e4 Bg4 10. Be2 Ne5 11. f3 Bh5 12. g4 Nfxg4 13. fxg4 Qh4+ 14. Kf1 Qh3+ 15. Kg1 Bxg4 16. Bxg4 Nxg4 17. Qf3 Qh4 18. Nf1 Be7 19. Bf4 0-0 20. Ng3 Qh3 21. Qg2 Qxg2+ 22. Kxg2 Rad8 23. Nf5 Bf6 24. Nxd6 Be5 25. Bxe5 Nxe5 26. Nf5 Rfe8 27. Rad1 g6 28. Ng3 Nc4 29. Rb1 Nd2 30. Rbe1 Kg7 31. h4 h6 32. h5 Nc4 33. hxg6 fxg6 34. Re2 Ne5 35. Nd1 Nd3 36. Ne3 Nf4+ 37. Kf3 Nxe2 38. Kxe2 Rd6 39. Nc4 Rf6 40. Rf1 Rxf1 41. Kxf1 b5 42. axb5 axb5 43. Nd6 Rf8+ 44. Ke2 b4 1-0

[Event "Hamburg-ch MB"]
[White "Schulz, Hans Juergen"]
[Black "Quitzau, Lukas"]
[Site "Hamburg"]
[Round "3"]
[Result "1/2-1/2"]
[Date "2019.06.10"]
[WhiteElo "1817"]
[BlackElo "1658"]
[PlyCount "75"]
[EventDate "2019.06.08"]
[EventType "swiss"]
[EventRounds "9"]
[EventCountry "GER"]
[SourceTitle "EXT 2022"]
[Source "ChessBase"]
[SourceDate "2021.10.06"]
[SourceVersion "1"]
[SourceVersionDate "2021.10.06"]
[SourceQuality "1"]

1. e4 c5 2. d4 cxd4 3. c3 dxc3 4. Nxc3 d6 5. Bc4 Nc6 6. Nf3 Nf6 7. Bg5 e6 8. Qe2 h6 9. Be3 a6 10. a4 Be7 11. 0-0 Ng4 12. Rfd1 Nxe3 13. Qxe3 Qa5 14. Ne2 Qc5 15. Qd3 Nb4 16. Qb3 Nc6 17. Bd3 Na5 18. Qa2 e5 19. Nc3 Be6 20. Nd5 Bxd5 21. exd5 Qb4 22. Nd2 0-0 23. Bf5 g6 24. Bh3 f5 25. Rac1 Rac8 26. b3 Bg5 27. Rb1 Bxd2 28. Rxd2 Rc3 29. g3 Rfc8 30. Bf1 Rxb3 31. Rc2 Rxc2 32. Qxc2 Qc3 33. Qxc3 Rxc3 34. Rb6 Kf7 35. Rxd6 Rd3 36. Rd7+ Kf6 37. Rd6+ Kf7 38. Rd7+ 1/2-1/2

[Event "Hamburg-chA"]
[White "Quitzau, Lukas"]
[Black "Kock, Rudolf"]
[Site "Hamburg"]
[Round "7"]
[Result "1-0"]
[Date "2017.06.11"]
[WhiteElo "1461"]
[BlackElo "1657"]
[PlyCount "101"]
[EventDate "2017.06.03"]
[EventType "swiss"]
[EventRounds "7"]
[EventCountry "GER"]
[SourceTitle "CBM 179 Extra"]
[Source "ChessBase"]
[SourceDate "2017.08.23"]
[SourceVersion "1"]
[SourceVersionDate "2017.08.23"]
[SourceQuality "1"]

1. d4 Nf6 2. c4 c6 3. Nf3 g6 4. Nc3 d6 5. Bg5 Bg7 6. e3 Bg4 7. h3 Bxf3 8. Qxf3 Nbd7 9. Bd3 Qa5 10. Bf4 e5 11. Bh2 0-0 12. 0-0 Ne8 13. Qe2 exd4 14. exd4 Bxd4 15. Qc2 Nc5 16. Be2 Ne6 17. Rad1 Be5 18. Rfe1 Bxh2+ 19. Kxh2 Qe5+ 20. g3 Qg7 21. Qe4 N8c7 22. Rxd6 Rae8 23. Qe3 c5 24. Qf3 Qe5 25. Rd7 Ng5 26. Qxb7 Qf6 27. Rf1 Nce6 28. h4 h6 29. hxg5 hxg5 30. Bg4 Nd8 31. Qf3 Qb6 32. b3 Kg7 33. Kg2 Qf6 34. Qxf6+ Kxf6 35. Nd5+ Kg7 36. Rxa7 Nc6 37. Rc7 Ne5 38. Bd1 Rc8 39. Rxc8 Rxc8 40. a4 f5 41. Bc2 Nc6 42. Ra1 Nd4 43. Bd1 Re8 44. a5 Re1 45. a6 Nc6 46. a7 Nxa7 47. Rxa7+ Kf8 48. Nc3 g4 49. Rc7 Re5 50. Kf1 Ke8 51. Nd5 1-0

[Event "Hamburg-chA"]
[White "Lotfifar, Azadeh"]
[Black "Quitzau, Lukas"]
[Site "Hamburg"]
[Round "4"]
[Result "1/2-1/2"]
[Date "2017.06.06"]
[WhiteElo "1649"]
[BlackElo "1461"]
[PlyCount "88"]
[EventDate "2017.06.03"]
[EventType "swiss"]
[EventRounds "7"]
[EventCountry "GER"]
[SourceTitle "CBM 179 Extra"]
[Source "ChessBase"]
[SourceDate "2017.08.23"]
[SourceVersion "1"]
[SourceVersionDate "2017.08.23"]
[SourceQuality "1"]

1. d4 d6 2. c4 Nf6 3. Nc3 e5 4. dxe5 dxe5 5. Qxd8+ Kxd8 6. Bg5 c6 7. Nf3 Nbd7 8. Rd1 Kc7 9. g3 h6 10. Bxf6 gxf6 11. Bh3 Nc5 12. Bxc8 Rxc8 13. b4 Ne6 14. a3 h5 15. 0-0 Ng5 16. Nh4 a5 17. c5 b6 18. cxb6+ Kxb6 19. bxa5+ Kc7 20. a4 Bb4 21. Na2 Bxa5 22. Nf5 Rhd8 23. Ng7 h4 24. Nc1 c5 25. Nb3 Bb6 26. Nf5 h3 27. Ne7 Rb8 28. Nd5+ Kc6 29. Nxb6 Kxb6 30. Rxd8 Rxd8 31. f4 Ne4 32. fxe5 fxe5 33. Rb1 Ka6 34. Rc1 c4 35. Na1 Rd2 36. Kf1 Ka5 37. Ke1 Rb2 38. Nc2 Kxa4 39. Ne3 c3 40. Nc4 Ra2 41. Nxe5 f6 42. Nd3 Kb3 43. Kd1 Rd2+ 44. Ke1 c2 1/2-1/2